00361pab a2200133 454500008004000000100002700040245004000067260000900107300001600116362001100132650002900143650002100172773003400193180718b2006 xxu||||| |||| 00| 0 eng d aGrewal, Jasraman Singh aMortality and the reservation issue c2006 ap.4114-116. a30 Sep aBackward classes - India aBackward classes aEconomic and Political Weekly